000 00723nam a2200241Ia 4500
003 OSt
005 20220930071157.0
006 a|||||r|||| 00| 0
007 ta
008 220926b |||||||| |||| 00| 0 eng d
024 _a8072
037 _cTheses
040 _aCRL
_cCRL
_beng
041 _2eng
_aeng
100 _aWadhwa Vijay
_9528081
110 _aUniversity of Delhi. Faculty of Mathematical Sciences. Department of Mathematics
245 0 _aOn some specialied problems in mathematical programming
260 _c1970
650 _aMATHEMATICS
700 _aUniversity of Delhi. Faculty of Mathematical Sciences. Department of Mathematics
942 _cDIS
_2CC
999 _c861959
_d861959